000 00284nam a22001337a 4500
008 170529b xxu||||| |||| 00| 0 eng d
020 _a0444888500
041 _aeng
080 _a62
100 _a25
101 _aIM
245 _aINTELLIGENT CAD,II
_cYOSHIKAWA,H
942 _2udc
_cBK
999 _c14709
_d14709